<?xml version="1.0" encoding="UTF-8"?>
<record
    xmlns:xsi="http://www.w3.org/2001/XMLSchema-instance"
    xsi:schemaLocation="http://www.loc.gov/MARC21/slim http://www.loc.gov/standards/marcxml/schema/MARC21slim.xsd"
    xmlns="http://www.loc.gov/MARC21/slim">

  <leader>05052nam a2200361 i 4500</leader>
  <controlfield tag="003">CSPC</controlfield>
  <controlfield tag="005">20251125154226.0</controlfield>
  <controlfield tag="008">231018s2022    mau           001 0 eng  </controlfield>
  <datafield tag="010" ind1=" " ind2=" ">
    <subfield code="a">2020914412</subfield>
  </datafield>
  <datafield tag="020" ind1=" " ind2=" ">
    <subfield code="a">9780357515402</subfield>
  </datafield>
  <datafield tag="040" ind1=" " ind2=" ">
    <subfield code="a">CSPC</subfield>
    <subfield code="b">eng</subfield>
    <subfield code="c">CSPC</subfield>
    <subfield code="e">rda</subfield>
  </datafield>
  <datafield tag="050" ind1="0" ind2="0">
    <subfield code="a">HF5686.C7</subfield>
    <subfield code="b">K62 2022</subfield>
  </datafield>
  <datafield tag="082" ind1="0" ind2="4">
    <subfield code="2">23</subfield>
    <subfield code="a">657.45</subfield>
    <subfield code="b">K727c</subfield>
  </datafield>
  <datafield tag="100" ind1="1" ind2=" ">
    <subfield code="a">Knapp, Michael Chris,</subfield>
    <subfield code="d">1954-</subfield>
    <subfield code="e">author.</subfield>
  </datafield>
  <datafield tag="245" ind1="1" ind2="0">
    <subfield code="a">Contemporary auditing :</subfield>
    <subfield code="b">real issues and cases /</subfield>
    <subfield code="c">Michael C. Knapp.</subfield>
  </datafield>
  <datafield tag="250" ind1=" " ind2=" ">
    <subfield code="a">Twelfth edition.</subfield>
  </datafield>
  <datafield tag="264" ind1=" " ind2="1">
    <subfield code="a">Boston, Massachusetts :</subfield>
    <subfield code="b">Cengage,</subfield>
    <subfield code="c">2022.</subfield>
  </datafield>
  <datafield tag="300" ind1=" " ind2=" ">
    <subfield code="a">xxviii, 675 pages ;</subfield>
    <subfield code="c">26 cm.</subfield>
  </datafield>
  <datafield tag="336" ind1=" " ind2=" ">
    <subfield code="2">rdacontent</subfield>
    <subfield code="a">text</subfield>
  </datafield>
  <datafield tag="337" ind1=" " ind2=" ">
    <subfield code="2">rdamedia</subfield>
    <subfield code="a">unmediated</subfield>
  </datafield>
  <datafield tag="338" ind1=" " ind2=" ">
    <subfield code="2">rdacarrier</subfield>
    <subfield code="a">volume</subfield>
  </datafield>
  <datafield tag="500" ind1=" " ind2=" ">
    <subfield code="a">Includes index.</subfield>
  </datafield>
  <datafield tag="505" ind1="0" ind2=" ">
    <subfield code="a">Section 1. Comprehensive cases -- Wells Fargo &amp; company -- Weatherford international -- Caterpillar inc. -- Gemstar -- Enron Corporation -- Lehman brothers holdings, inc. -- Just for feet, inc. -- Health management , inc. --  The Leslie fay companies -- Le-nature's inc. -- Navistar international corporation -- Livent, inc. -- Zzzz best company, inc. -- New century financial corporation -- Madoff securities -- AA capital partners, inc. -- Section 2. Audits of high-risk accounts -- Jack Greenberg, inc. -- Golden bear golf, inc. -- Take-two interactive software, inc. -- General motors company -- Lipper holding, LLC -- CBI holding company, inc. -- Bankrate, inc. -- Belot enterprises -- Powder river petroleum international, inc. -- LocatePlus holdings corporation -- Overstock.com, inc. -- Parker-Halsey corporation -- Hampton &amp; Worley -- Section 3. Internal control issues -- The trolley dodgers -- Howard street jewelers, inc. -- Avon products, inc. -- First keystone bank -- Goodner brothers, inc. -- Buranello's ristorante -- Saks fifth avenue -- The Boeing company -- Walmart de Mexico -- Blakely markets -- Equifax, inc. -- Section 4. Ethical responsibilities of accounts -- Creve Couer pizza, inc. F&amp;C international, inc. --  Suzette Washington, accounting major -- Aaron Elrod, sole practitioner -- Wiley Jackson, accounting major -- Arvel Smart, accounting major -- Zane Corbin, accounting major -- Dell inc. -- Section 5. Ethical responsibilities of independent auditors -- Amtrust financial services, inc. -- Herbalife international -- Antione Deltour -- Universal American corporation -- Zero tolerance -- Cardillo travel systems, inc. -- American international group, inc. -- Caesars entertainment corporation -- IPOC international growth fund, ltd. -- Le-nature's inc., part 2 -- Richard Grimes, staff accountant -- Section 6. Professional roles -- Kayleigh Cuadell, audit senior -- Brian Reynolds, audit senior -- Madison Wells, audit manager -- Tillman Rollins, office managing partner -- Leigh Ann Walker, staff accountant -- Bill DeBurger, in-charge accountant -- Hamilton Wong, in-charge accountant -- Tommy O'Connell, audit senior -- Avis Love, staff accountant -- Charles Tollison, audit manager -- Section 7. Professional issues -- Ligand pharmaceuticals -- Sarah Russel, staff accountant -- Washington council Ernst &amp; young -- Internet infamy -- Fred Stern &amp; company, inc. -- First securities company of Chicago -- Texas drug warehouse -- Frank Coleman, staff accountant -- Olivia Thomas, audit senior -- The red carpet -- Section 8. International cases -- Longtop financial technologies limited -- Kaset Thai sugar company -- Republic of Somalia -- Republic of the Sudan -- Shari'a -- Olympus corporation -- Razia --- The bank of Tokyo.</subfield>
  </datafield>
  <datafield tag="520" ind1=" " ind2=" ">
    <subfield code="a">"Bring today's auditing concepts, standards and procedures to life and improve student comprehension of auditing concepts with the engaging approach in Knapp's CONTEMPORARY AUDITING, 12E. The author clearly presents the factors that often lead to audits problems and failures. Updated popular cases examine firms such as The Boeing Company, DHB Industries, Lehman Brothers and Madoff Securities. Eighteen new and revised cases highlight headline-grabbing financial scandals, auditing and ethical issues in firms such as The Bank of Tokyo, Caterpillar, Equifax, Herbalife and Wells Fargo &amp; Co. Students study an auditor who served as an FBI informant, examine the international uproar following an auditor who released 30,000 pages of his firm's tax-avoidance plans to the media and review the role of a Big Four firm partner in announcing the wrong film for an Academy Award. Recent auditing and ethical professional standards are integrated into case solutions in a revised 500-page Instructor's Manual." -- Worldcat</subfield>
  </datafield>
  <datafield tag="650" ind1=" " ind2="0">
    <subfield code="a">Corporations</subfield>
    <subfield code="z">United States</subfield>
    <subfield code="x">Auditing</subfield>
    <subfield code="v">Case studies.</subfield>
  </datafield>
  <datafield tag="650" ind1=" " ind2="0">
    <subfield code="a">Auditing</subfield>
    <subfield code="x">Corrupt practices</subfield>
    <subfield code="v">Case studies.</subfield>
  </datafield>
  <datafield tag="650" ind1=" " ind2="0">
    <subfield code="a">Auditors</subfield>
    <subfield code="x">Professional ethics</subfield>
    <subfield code="z">United States.</subfield>
  </datafield>
  <datafield tag="650" ind1=" " ind2="0">
    <subfield code="a">Auditing</subfield>
    <subfield code="x">Law and legislation</subfield>
    <subfield code="z">United States</subfield>
    <subfield code="v">Cases.</subfield>
  </datafield>
  <datafield tag="655" ind1=" " ind2="7">
    <subfield code="a">Case studies. </subfield>
  </datafield>
  <datafield tag="655" ind1=" " ind2="7">
    <subfield code="a">Trials, litigation, etc.</subfield>
  </datafield>
  <datafield tag="942" ind1=" " ind2=" ">
    <subfield code="2">ddc</subfield>
    <subfield code="c">BK</subfield>
    <subfield code="e">23</subfield>
    <subfield code="h">657.45</subfield>
    <subfield code="i">K727c</subfield>
    <subfield code="k">CIR</subfield>
    <subfield code="m">2022</subfield>
    <subfield code="n">0</subfield>
  </datafield>
  <datafield tag="952" ind1=" " ind2=" ">
    <subfield code="0">0</subfield>
    <subfield code="1">0</subfield>
    <subfield code="2">ddc</subfield>
    <subfield code="4">0</subfield>
    <subfield code="7">0</subfield>
    <subfield code="a">CSPC</subfield>
    <subfield code="b">CSPC</subfield>
    <subfield code="c">CIR</subfield>
    <subfield code="d">2023-10-18</subfield>
    <subfield code="l">0</subfield>
    <subfield code="o">CIR 657.45 K727c 2022</subfield>
    <subfield code="p">026108</subfield>
    <subfield code="r">2023-10-18 00:00:00</subfield>
    <subfield code="t">1-3</subfield>
    <subfield code="w">2023-10-18</subfield>
    <subfield code="y">BK</subfield>
  </datafield>
  <datafield tag="952" ind1=" " ind2=" ">
    <subfield code="0">0</subfield>
    <subfield code="1">0</subfield>
    <subfield code="2">ddc</subfield>
    <subfield code="4">0</subfield>
    <subfield code="7">0</subfield>
    <subfield code="a">CSPC</subfield>
    <subfield code="b">CSPC</subfield>
    <subfield code="c">CIR</subfield>
    <subfield code="d">2023-11-14</subfield>
    <subfield code="l">0</subfield>
    <subfield code="o">CIR 657.45 K727c 2022</subfield>
    <subfield code="p">026314</subfield>
    <subfield code="r">2023-11-14 00:00:00</subfield>
    <subfield code="t">2-3</subfield>
    <subfield code="w">2023-11-14</subfield>
    <subfield code="y">BK</subfield>
  </datafield>
  <datafield tag="952" ind1=" " ind2=" ">
    <subfield code="0">0</subfield>
    <subfield code="1">0</subfield>
    <subfield code="2">ddc</subfield>
    <subfield code="4">0</subfield>
    <subfield code="7">0</subfield>
    <subfield code="a">CSPC</subfield>
    <subfield code="b">CSPC</subfield>
    <subfield code="c">CIR</subfield>
    <subfield code="d">2025-11-20</subfield>
    <subfield code="l">0</subfield>
    <subfield code="o">CIR 657.45 K727c 2022</subfield>
    <subfield code="p">030656</subfield>
    <subfield code="r">2025-11-20 10:35:04</subfield>
    <subfield code="t">3-3</subfield>
    <subfield code="w">2025-11-20</subfield>
    <subfield code="y">BK</subfield>
  </datafield>
  <datafield tag="999" ind1=" " ind2=" ">
    <subfield code="c">26314</subfield>
    <subfield code="d">26314</subfield>
  </datafield>
</record>
